[Event "NOR-chT Clubs"]
[Site "Drammen"]
[Date "2010.10.09"]
[Round "4"]
[White "Skjold, Reidar"]
[Black "Nilsen, Helmer"]
[Result "1-0"]
[WhiteElo "1490"]
[BlackElo "1152"]
[PlyCount "23"]
[EventDate "2010.10.08"]
[EventType "team"]
[EventRounds "6"]
[EventCountry "NOR"]
[SourceTitle "EXT 2015"]
[Source "ChessBase"]
[SourceDate "2014.11.20"]
[SourceVersion "1"]
[SourceVersionDate "2014.11.20"]
[SourceQuality "1"]
[WhiteTeam "Drammen Tempo"]
[BlackTeam "Konnerud"]
[WhiteTeamCountry "NOR"]
[BlackTeamCountry "NOR"]

1. e4 c5 2. Nf3 Nc6 3. d4 cxd4 4. Nxd4 d6 5. Nc3 Nf6 6. Be2 g6 7. Bg5 Bg7 8. Qd2 Nxe4 9. Nxc6 Qb6 10. Nxe4 Qxb2 11. 0-0 bxc6 12. Nxd6+ 1-0

[Event "NOR-chB"]
[Site "Moss"]
[Date "2006.07.15"]
[Round "9"]
[White "Fotland, Hans Christian"]
[Black "Skjold, Reidar"]
[Result "1-0"]
[WhiteElo "1859"]
[BlackElo "1537"]
[PlyCount "87"]
[EventDate "2006.07.08"]
[EventType "swiss"]
[EventRounds "9"]
[EventCountry "NOR"]
[SourceTitle "EXT 2007"]
[Source "ChessBase"]
[SourceDate "2006.11.23"]
[SourceVersion "1"]
[SourceVersionDate "2006.11.23"]
[SourceQuality "1"]

1. d4 d5 2. c4 dxc4 3. e3 e5 4. Bxc4 exd4 5. exd4 Nf6 6. Nc3 Be7 7. Nf3 0-0 8. 0-0 Bg4 9. Be3 c6 10. Re1 Nbd7 11. Rc1 Nb6 12. Be2 Nbd5 13. Qd2 Bd6 14. Ne5 Bxe2 15. Rxe2 Re8 16. Bg5 Re6 17. Nxd5 cxd5 18. Ng4 Be7 19. Rxe6 fxe6 20. Qe2 Ne4 21. Bf4 Bd6 22. Bxd6 Qxd6 23. f3 Nf6 24. Nf2 Re8 25. Nd3 Qb6 26. Qf2 Qd6 27. g3 h6 28. Qc2 Qb6 29. Qc5 Qxc5 30. Rxc5 Re7 31. Ne5 Nd7 32. Rc7 Nxe5 33. Rxe7 Nxf3+ 34. Kf2 Nxd4 35. Rxb7 Nc6 36. Rc7 Nb4 37. Rxa7 Nd3+ 38. Ke2 Nxb2 39. a4 d4 40. a5 e5 41. a6 d3+ 42. Kd2 e4 43. Rc7 Na4 44. Rc6 1-0